<?xml version="1.0" encoding="UTF-8"?>
<collection xmlns="http://www.loc.gov/MARC21/slim">
 <record>
  <leader>00558pamaa2200193   4500</leader>
  <controlfield tag="001">0000036224</controlfield>
  <controlfield tag="005">20070917090000.0</controlfield>
  <datafield tag="020" ind1="0" ind2="0">
   <subfield code="a">1565920007 (pbk) </subfield>
  </datafield>
  <datafield tag="082" ind1=" " ind2=" ">
   <subfield code="a">005.43 LEV</subfield>
  </datafield>
  <datafield tag="090" ind1="0" ind2="0">
   <subfield code="a">QA76.76U84 </subfield>
   <subfield code="b">LEV 1992</subfield>
  </datafield>
  <datafield tag="100" ind1="1" ind2="0">
   <subfield code="a">LEVINE </subfield>
  </datafield>
  <datafield tag="245" ind1="1" ind2="0">
   <subfield code="a">LEX andYacc  </subfield>
   <subfield code="c">John R. Levine, Tony Mason and Doug Brown: edited by Dale Dougherty.</subfield>
  </datafield>
  <datafield tag="250" ind1="0" ind2="0">
   <subfield code="a">2nd ed.</subfield>
  </datafield>
  <datafield tag="260" ind1="0" ind2="0">
   <subfield code="a">Sebastopol: </subfield>
   <subfield code="b">O'Reilly, </subfield>
   <subfield code="c">1992.</subfield>
  </datafield>
  <datafield tag="300" ind1=" " ind2=" ">
   <subfield code="a">xxii, 364p.; </subfield>
   <subfield code="c">23 cm.</subfield>
  </datafield>
  <datafield tag="650" ind1="0" ind2="0">
   <subfield code="a">UNIX (Computer file) </subfield>
  </datafield>
  <datafield tag="650" ind1="0" ind2="0">
   <subfield code="a">Utilities (Computer programs) </subfield>
  </datafield>
  <datafield tag="700" ind1="1" ind2="1">
   <subfield code="a">BROWN, </subfield>
   <subfield code="h">Doug </subfield>
  </datafield>
  <datafield tag="700" ind1="1" ind2="1">
   <subfield code="a">MASON, </subfield>
   <subfield code="h">Tony </subfield>
  </datafield>
 </record>
</collection>
